The working drawing : (Record no. 353977)
[ view plain ]
| 000 -LEADER | |
|---|---|
| fixed length control field | 02029nam a2200253 a 4500 |
| 001 - CONTROL NUMBER | |
| control field | ASIN3906027317 |
| 003 - CONTROL NUMBER IDENTIFIER | |
| control field | OSt |
| 005 - DATE AND TIME OF LATEST TRANSACTION | |
| control field | 20180116192423.0 |
| 008 - FIXED-LENGTH DATA ELEMENTS--GENERAL INFORMATION | |
| fixed length control field | 140703s2014 xxu eng d |
| 020 ## - INTERNATIONAL STANDARD BOOK NUMBER | |
| International Standard Book Number | 3906027317 (hardcover) |
| Terms of availability | $130.00 |
| 020 ## - INTERNATIONAL STANDARD BOOK NUMBER | |
| International Standard Book Number | 9783906027319 (hardcover) |
| 040 ## - CATALOGING SOURCE | |
| Transcribing agency | sada |
| 082 ## - DEWEY DECIMAL CLASSIFICATION NUMBER | |
| Classification number | 720.284 |
| Author Mark | WOR 2014 |
| 245 04 - TITLE STATEMENT | |
| Title | The working drawing : |
| Remainder of title | the architect's tool / |
| Statement of responsibility, etc. | edited by Annette Spiro and David Ganzoni. |
| 260 ## - PUBLICATION, DISTRIBUTION, ETC. | |
| Place of publication, distribution, etc. | [S.l.] : |
| Name of publisher, distributor, etc. | Park Books, |
| Date of publication, distribution, etc. | 2014. |
| 300 ## - PHYSICAL DESCRIPTION | |
| Extent | 328 p. ; |
| Dimensions | 33 cm. |
| 520 ## - SUMMARY, ETC. | |
| Summary, etc. | Large-scale working drawings are one of the fundamental tools in architecture, crucial from the early stages of creation up through the actual construction of buildings. Surprisingly, however, there has been very little published analysis of this tool. The Working Drawing fills that gap, drawing on a vast collection of working drawings held by the Department of Architecture of ETH Zurich. Annette Spiro, who assembled and categorized the collection itself, here presents one hundred highlights, with the assistance of coeditor David Ganzoni. The drawings featured span more than five centuries, cover a range of architectural tasks, and display a striking array of representational techniques. All the drawings are presented in full-color via large-trim spreads or fold-outs, accompanied by full catalog information and actual-size detail shots. The buildings featured range from masterpieces such as St. Peter’s Basilica in Rome to contemporary classics by Peter Zumthor, Diller + Scofidio, and more. Twelve essays by renowned authors thread through the volume, giving context and analyzing the different approaches. The result is a landmark volume, sure to be of value both to students and to practicing architects. |
| 650 10 - SUBJECT ADDED ENTRY--TOPICAL TERM | |
| Topical term or geographic name entry element | Architectural drawing |
| 9 (RLIN) | 7638 |
| 650 10 - SUBJECT ADDED ENTRY--TOPICAL TERM | |
| Topical term or geographic name entry element | Architecture, Modern |
| 9 (RLIN) | 7639 |
| 700 1# - ADDED ENTRY--PERSONAL NAME | |
| Personal name | Spiro, Annette. |
| 9 (RLIN) | 7636 |
| 700 1# - ADDED ENTRY--PERSONAL NAME | |
| Personal name | Ganzoni, David. |
| 9 (RLIN) | 7637 |
| 856 40 - ELECTRONIC LOCATION AND ACCESS | |
| Materials specified | Amazon.com |
| Uniform Resource Identifier | <a href="http://www.amazon.com/exec/obidos/ASIN/3906027317/chopaconline-20">http://www.amazon.com/exec/obidos/ASIN/3906027317/chopaconline-20</a> |
| 942 ## - ADDED ENTRY ELEMENTS (KOHA) | |
| Source of classification or shelving scheme | |
| Koha item type | Book |
| Withdrawn status | Lost status | Source of classification or shelving scheme | Damaged status | Not for loan | Permanent Location | Current Location | Date acquired | Total Checkouts | Total Renewals | Full call number | Barcode | Date last seen | Date last checked out | Cost, replacement price | Price effective from | Koha item type |
|---|---|---|---|---|---|---|---|---|---|---|---|---|---|---|---|---|
| School of Art Design and Architecture (SADA) | School of Art Design and Architecture (SADA) | 07/01/2014 | 1 | 1 | 720.284 WOR 2014 | SADA0002341 | 09/15/2015 | 07/15/2015 | 13676.66 | 07/03/2014 | Book |
